000 00930cam a2200325 i 4500
001 0000449
003 DO-SdBPM
005 20250224122606.0
007 0000449
008 100514s2010 p | 000 f spa
015 _a
017 _a
_b
020 _a9786124063220
035 _a
040 _aDO-SdBPM
_bspa
_cBPMSU
_e
080 _a
082 4 _a833.7
_bG864sa 2010
_222
100 1 _d1765-1863
_aGrimm, Jacob Ludwig Karl,
245 1 0 _aSastrecillo valiente /
_c Jacob y Wilhelm Grimm
260 _aLima, PerĂș :
_bEducativa,
_c2010
_g
300 _a09 p. :
_bil.;
_c29 cm
490 0 _aMi cuento favorito,
_v2
590 _aInventariado, 2025/VM
650 4 _aCuentos infantiles alemanes
650 4 _aValentĂ­a
_vCuentos infantiles
700 1 _aGrimm, Jacob Ludwig Karl,
_d1785-1863.
_tEl Sastrecillo valiente
710 2 _aLexus
910 _aVMateo V. Control de caldiad. BPMSU
942 _2ddc
_cBK
999 _c14951
_d14951